All Cars Piston Cup Winners (1949-2025) - Statistics

General Stats
  • This quiz has been taken 283 times
    206 since last reset
  • The average score is 40 of 77
Answer Stats
Answer % Correct
Lightning McQueen
100%
Lightning McQueen
100%
Lightning McQueen
100%
Lightning McQueen
100%
Lightning McQueen
100%
Lightning McQueen
100%
Lightning McQueen
100%
Jackson Storm
88%
Jackson Storm
88%
Jackson Storm
88%
Cruz Ramirez
84%
Cruz Ramirez
84%
Cruz Ramirez
84%
Hudson Hornet
82%
Hudson Hornet
82%
Hudson Hornet
82%
Chick Hicks
80%
Strip Weathers
80%
Strip Weathers
80%
Strip Weathers
80%
Strip Weathers
80%
Strip Weathers
80%
Strip Weathers
80%
Strip Weathers
80%
Cal Weathers
58%
Dale Earnhardt
56%
Dale Earnhardt
56%
Dale Earnhardt
56%
Dale Earnhardt
56%
Dale Earnhardt Jr.
56%
Lee Weathers
48%
Mac iCar
48%
Junior Moon
44%
Winford Bradford Rutherford
44%
Jack Ford
40%
Jack Ford
40%
Louise Nash
40%
Bobby Swift
38%
Klint Shiftright
38%
Klint Shiftright
38%
Klint Shiftright
38%
Slide Powers
38%
Kraig Shiftright
36%
Kraig Shiftright
36%
River Scott
36%
Spyder Dangerford
36%
Spyder Dangerford
36%
Spyder Dangerford
36%
Spyder Dangerford
36%
Darrell Cartrip
32%
Darrell Cartrip
32%
Darrell Cartrip
32%
Tim Treadless
32%
Lee Cunningham
30%
Lee Cunningham
30%
Leroy Hemming
30%
Mario Andretti
30%
Paul Conrev Arrow Trucking& Shipping
30%
Thomas Tireson
30%
Thomas Tireson
30%
Alloy Wilson
26%
Alloy Wilson
26%
Chase Racelott
26%
Don Chapcar
26%
Don Chapcar
26%
Joseph Anthony Foyt
26%
Morris Axler
26%
Morris Axler
26%
Murray Clutchburn
26%
Murray Clutchburn
26%
Rusty Cornfuel
26%
Ryan Laney
26%
Bobby Carsac
24%
Earnie Gearson
24%
Eugene Carbureski
24%
Haul Inngas
24%
Bill Racelott
22%
No matching quizzes found
Score Distribution
Percent of People with Each Score
Percentile by Number Answered
Your Score History
You have not taken this quiz since the last reset